L'éducation morale dans l'Université (Record no. 178965)
[ view plain ]
| 000 -LEADER | |
|---|---|
| campo de control de longitud fija | 00723nam a2200193 i 4500 |
| 001 - NÚMERO DE CONTROL | |
| campo de control | 178965 |
| 003 - IDENTIFICADOR DE NÚMERO DE CONTROL | |
| campo de control | ES-MaACL |
| 005 - FECHA Y HORA DE LA ÚLTIMA TRANSACCIÓN | |
| campo de control | 20250701220536.0 |
| 008 - DATOS DE LONGITUD FIJA--INFORMACIÓN GENERAL | |
| campo de control de longitud fija | 110816s1901 fr |||| | fre d |
| 245 02 - MENCIÓN DEL TÍTULO | |
| Título | L'éducation morale dans l'Université |
| Resto del título | : (enseignement secondaire), conférences et discussions / |
| Mención de responsabilidad, etc. | présidées par M. Alfred Croiset. |
| 260 ## - PUBLICACIÓN, DISTRIBUCIÓN, ETC. | |
| Lugar de publicación, distribución, etc. | Paris : |
| Nombre del editor, distribuidor, etc. | Félix Alcan, |
| Fecha de publicación, distribución, etc. | 1901. |
| 300 ## - DESCRIPCIÓN FÍSICA | |
| Extensión | XI, 243 p. ; |
| Dimensiones | 22cm. |
| 490 1# - MENCIÓN DE SERIE | |
| Mención de serie | Bibliothèque générale des sciences sociales ; |
| Designación de volumen o secuencia | 11 |
| 650 #4 - PUNTO DE ACCESO ADICIONAL DE MATERIA--TÉRMINO DE MATERIA | |
| Término de materia o nombre geográfico como elemento de entrada | Educación- |
| Subdivisión geográfica | Francia. |
| 9 (RLIN) | 147613 |
| 700 0# - ENTRADA AGREGADA--NOMBRE PERSONAL | |
| Nombre de persona | Croiset, Alfred. |
| 9 (RLIN) | 41668 |
| 830 00 - PUNTO DE ACCESO ADICIONAL DE SERIE-TÍTULO UNIFORME | |
| Título uniforme | Bibliothèque générale des sciences sociales |
| Designación de volumen o secuencia | 11 |
| 9 (RLIN) | 187778 |
| 852 ## - LOCALIZACIÓN | |
| Ubicación | ES-MaACL |
| Número de control de estantería | C-23091 |
| Estatus retirado | Estado de pérdida | Estado de daño | No para préstamo | Biblioteca de origen | Biblioteca actual | Ubicación en estantería | Fecha de adquisición | Fuente de adquisición | Total de préstamos | Signatura topográfica completa | Código de barras | Visto por última vez | Precio de reemplazo | Tipo de ítem Koha |
|---|---|---|---|---|---|---|---|---|---|---|---|---|---|---|
| Biblioteca del Ateneo de Madrid | Biblioteca del Ateneo de Madrid | Depósito 2 | 16/08/2011 | C-23091 | 1187990 | 23/02/2023 | 23/02/2023 | Libro impreso antiguo |
